| 000 | 00447nam a2200133Ia 4500 | ||
|---|---|---|---|
| 008 | 150610s9999 xx 000 0 und d | ||
| 020 | _a6754023 | ||
| 050 |
_aPR6039 _b.O32 .T649 1998 |
||
| 100 | _aTolkien, John Ronald Reuel, 1892-1973 | ||
| 245 | 4 |
_aThe Hobbit, or, there and back again / _cby J.R.R. Tolkien. |
|
| 260 |
_aLondon : _bHarper Collins, _c1998. |
||
| 300 |
_a364pages ; _c20 cm. |
||
| 650 |
_aMiddle earth (Imaginary place) _xFiction. |
||
| 999 |
_c287835 _d287835 |
||